[Event "Mecklenburg VP LL2 Ost 2223"]
[Site "Mecklenburg VP"]
[Date "2023.05.07"]
[Round "9.6"]
[White "Ahmed Ibrahim, Labed"]
[Black "Mietz, Wolfgang"]
[Result "0-1"]
[WhiteElo "1596"]
[BlackElo "1785"]
[PlyCount "52"]
[EventDate "2022.10.23"]
[EventType "team-tourn"]
[EventRounds "9"]
[EventCountry "GER"]
[SourceTitle "EXT 2024"]
[Source "ChessBase"]
[SourceDate "2023.10.10"]
[SourceVersion "1"]
[SourceVersionDate "2023.10.10"]
[SourceQuality "1"]
[WhiteTeam "Motor Wolgast"]
[BlackTeam "Neubrandenburg II"]
[WhiteTeamCountry "GER"]
[BlackTeamCountry "GER"]

1. c4 e6 2. Nc3 Nf6 3. g3 c6 4. Bg2 d5 5. cxd5 exd5 6. d4 Bf5 7. Nf3 h6 8. Qb3 Qc8 9. Bf4 Be7 10. 0-0 0-0 11. Rac1 Rd8 12. Rfe1 Ne4 13. Nxd5 Rxd5 14. Qxd5 cxd5 15. Rxc8+ Bxc8 16. Ne5 Nc6 17. Rc1 Nxd4 18. Rc7 Bd6 19. Bxe4 dxe4 20. Rc4 Nxe2+ 21. Kf1 Nxf4 22. gxf4 Bxe5 23. fxe5 Be6 24. Rxe4 Bxa2 25. Rb4 Bd5 26. Ke2 Rc8 0-1

[Event "Mecklenburg VP LL2 Ost 2223"]
[Site "Mecklenburg VP"]
[Date "2022.11.06"]
[Round "2.6"]
[White "Nauschuetz, Ernst"]
[Black "Mietz, Wolfgang"]
[Result "1-0"]
[WhiteElo "1929"]
[BlackElo "1785"]
[PlyCount "55"]
[EventDate "2022.10.23"]
[EventType "team-tourn"]
[EventRounds "9"]
[EventCountry "GER"]
[SourceTitle "EXT 2024"]
[Source "ChessBase"]
[SourceDate "2023.10.10"]
[SourceVersion "1"]
[SourceVersionDate "2023.10.10"]
[SourceQuality "1"]
[WhiteTeam "Greifswald II"]
[BlackTeam "Neubrandenburg II"]
[WhiteTeamCountry "GER"]
[BlackTeamCountry "GER"]

1. c4 e5 2. g3 Nf6 3. Bg2 Nc6 4. Nc3 Bb4 5. Nd5 Bc5 6. Nf3 b6 7. 0-0 Bb7 8. a3 a5 9. b3 0-0 10. Bb2 Re8 11. d3 Nd4 12. Nd2 c6 13. Nxf6+ Qxf6 14. e3 Nf5 15. Ne4 Qg6 16. Nxc5 bxc5 17. Qd2 Ra6 18. Bc3 a4 19. b4 cxb4 20. axb4 Qd6 21. c5 Qc7 22. Ra3 Rea8 23. Qc2 d5 24. d4 exd4 25. exd4 Bc8 26. Rfa1 Qa7 27. Bf3 Ne7 28. Be2 1-0

[Event "MVP-ch Seniors op 19th"]
[Site "Ostseebad Binz"]
[Date "2019.11.30"]
[Round "4"]
[White "Schwandowski, Udo"]
[Black "Mietz, Wolfgang"]
[Result "0-1"]
[WhiteElo "1654"]
[BlackElo "1802"]
[PlyCount "98"]
[EventDate "2019.11.27"]
[EventType "swiss"]
[EventRounds "9"]
[EventCountry "GER"]
[SourceTitle "EXT 2021"]
[Source "ChessBase"]
[SourceDate "2020.10.23"]
[SourceVersion "1"]
[SourceVersionDate "2020.10.23"]
[SourceQuality "1"]

1. d4 Nf6 2. c4 g6 3. Nc3 Bg7 4. e4 d6 5. Nf3 0-0 6. Be2 c5 7. 0-0 Re8 8. d5 e6 9. Bf4 exd5 10. exd5 a6 11. Bd3 Nh5 12. Bd2 Bg4 13. Rb1 Nd7 14. Be2 Bf5 15. h3 Bxb1 16. Nxb1 Nhf6 17. b3 Ne4 18. Be1 Qe7 19. Bd3 Ndf6 20. Ba5 Nd7 21. Re1 f5 22. Nfd2 Qh4 23. Re2 b6 24. Bxe4 bxa5 25. Nf3 Qf4 26. Bd3 Kf7 27. Qd2 Qxd2 28. Nbxd2 h6 29. Kf1 a4 30. Nh4 Ne5 31. Bc2 axb3 32. axb3 Nd7 33. g3 Rxe2 34. Kxe2 Re8+ 35. Kf1 Bf6 36. Ng2 Bc3 37. Nf3 Ne5 38. Ng1 Kf6 39. Ne2 Bd2 40. f4 Nf3 41. Kf2 Nd4 42. Bd1 a5 43. Nxd4 cxd4 44. Nh4 Re1 45. Bc2 Rh1 46. Kf3 Be3 47. Kg2 Ra1 48. Bd3 Ra2+ 49. Kf1 Rf2+ 0-1

[Event "MVP-ch Seniors op 19th"]
[Site "Ostseebad Binz"]
[Date "2019.11.29"]
[Round "3"]
[White "Mietz, Wolfgang"]
[Black "Bachmann, Rolf"]
[Result "0-1"]
[WhiteElo "1802"]
[BlackElo "1948"]
[PlyCount "122"]
[EventDate "2019.11.27"]
[EventType "swiss"]
[EventRounds "9"]
[EventCountry "GER"]
[SourceTitle "EXT 2021"]
[Source "ChessBase"]
[SourceDate "2020.10.23"]
[SourceVersion "1"]
[SourceVersionDate "2020.10.23"]
[SourceQuality "1"]

1. d4 d5 2. Bf4 e6 3. Nf3 Nf6 4. h3 c5 5. e3 Nc6 6. c3 b6 7. Nbd2 Be7 8. Bd3 Bb7 9. 0-0 0-0 10. Re1 a5 11. Rc1 Rc8 12. Qe2 Re8 13. Ne5 g6 14. Bb5 Nh5 15. Bh2 f5 16. Ndf3 Rf8 17. Qd2 Nf6 18. Qc2 Ne4 19. Qa4 Nb8 20. Nd7 Nxd7 21. Bxd7 Ra8 22. Bxe6+ Kg7 23. Qd7 Qxd7 24. Bxd7 c4 25. Bc7 Bd8 26. Be5+ Kf7 27. a4 Ke7 28. Bb5 Rc8 29. Bf4 Bc6 30. Bh6 Rg8 31. Bxc6 Rxc6 32. Ne5 Rc8 33. Bf4 Ke6 34. f3 Nd6 35. Bg3 Rg7 36. Bf2 Rb7 37. Ra1 Bf6 38. Bg3 b5 39. Re2 b4 40. Be1 Bxe5 41. dxe5 Kxe5 42. Bg3+ Ke6 43. Bxd6 Kxd6 44. g4 fxg4 45. hxg4 bxc3 46. bxc3 Rb3 47. Rc2 Rcb8 48. Raa2 Ke5 49. Kf2 h5 50. Kg3 Rh8 51. Ra1 h4+ 52. Kh3 g5 53. Rf1 Rf8 54. f4+ Ke4 55. Rcf2 Rxc3 56. fxg5 Rxe3+ 57. Kh2 Rxf2+ 58. Rxf2 Rg3 59. g6 Rxg4 60. Rg2 Rxg2+ 61. Kxg2 c3 0-1

[Event "Mecklenburg VP LL2 Ost 1819"]
[Site "Mecklenburg VP"]
[Date "2019.04.07"]
[Round "9.3"]
[White "Mietz, Wolfgang"]
[Black "Reznik, Leonid"]
[Result "0-1"]
[WhiteElo "1714"]
[BlackElo "1879"]
[PlyCount "80"]
[EventDate "2018.10.21"]
[EventType "team-tourn"]
[EventRounds "9"]
[EventCountry "GER"]
[SourceTitle "EXT 2022"]
[Source "ChessBase"]
[SourceDate "2021.10.06"]
[SourceVersion "1"]
[SourceVersionDate "2021.10.06"]
[SourceQuality "1"]
[WhiteTeam "Neubrandenburg SG Eintracht II"]
[BlackTeam "Rostock Makkabi"]
[WhiteTeamCountry "GER"]
[BlackTeamCountry "GER"]

1. d4 Nf6 2. Nf3 g6 3. c4 Bg7 4. Nc3 0-0 5. e4 d6 6. Be2 e5 7. d5 Nbd7 8. Bd2 Nc5 9. Qc2 a5 10. 0-0 Ne8 11. Ne1 f5 12. f3 f4 13. Nd3 h5 14. Nxc5 dxc5 15. Be1 Nd6 16. Bf2 b6 17. Rad1 g5 18. h3 g4 19. fxg4 hxg4 20. Bxg4 Bxg4 21. hxg4 Qg5 22. Qe2 Kf7 23. Rd3 Nxc4 24. Rh3 Nd6 25. Bh4 Qg6 26. g5 Rh8 27. Re1 Qh5 28. Kf2 Qxe2+ 29. Kxe2 Rh5 30. b3 Rah8 31. Reh1 Kg6 32. Kf3 Bf8 33. g3 fxg3 34. Kxg3 Be7 35. Kg4 Rf8 36. Rf3 Rxf3 37. Kxf3 Bxg5 38. Kg4 Rxh4+ 39. Rxh4 Bxh4 40. Kxh4 b5 0-1

[Event "Mecklenburg VP LL2 Ost 1819"]
[Site "Mecklenburg VP"]
[Date "2019.03.10"]
[Round "7.6"]
[White "Vlach, Michael"]
[Black "Mietz, Wolfgang"]
[Result "1/2-1/2"]
[WhiteElo "1595"]
[BlackElo "1714"]
[PlyCount "59"]
[EventDate "2018.10.21"]
[EventType "team-tourn"]
[EventRounds "9"]
[EventCountry "GER"]
[SourceTitle "EXT 2022"]
[Source "ChessBase"]
[SourceDate "2021.10.06"]
[SourceVersion "1"]
[SourceVersionDate "2021.10.06"]
[SourceQuality "1"]
[WhiteTeam "Stralsund FHSG II"]
[BlackTeam "Neubrandenburg SG Eintracht II"]
[WhiteTeamCountry "GER"]
[BlackTeamCountry "GER"]

1. Nf3 Nf6 2. c4 g6 3. Nc3 Bg7 4. d4 0-0 5. Bg5 d6 6. e3 Re8 7. Be2 c5 8. dxc5 dxc5 9. Qxd8 Rxd8 10. 0-0 Nc6 11. Rad1 Bf5 12. Rxd8+ Rxd8 13. Rd1 Rxd1+ 14. Bxd1 Bd3 15. b3 e6 16. Ne1 Ne4 17. Nxe4 Bxe4 18. Bc2 Bxc2 19. Nxc2 f5 20. f4 Kf7 21. Kf2 Bf8 22. Kf3 a5 23. Bh4 a4 24. Be1 axb3 25. axb3 h6 26. h4 Be7 27. g3 Bf6 28. Ke2 e5 29. Kf3 exf4 30. exf4 1/2-1/2

[Event "MVP-ch Seniors op 18th"]
[Site "Ostseebad Binz"]
[Date "2018.12.06"]
[Round "9"]
[White "Schroeder, Christian"]
[Black "Mietz, Wolfgang"]
[Result "1/2-1/2"]
[WhiteElo "1969"]
[BlackElo "1841"]
[PlyCount "78"]
[EventDate "2018.11.28"]
[EventType "swiss"]
[EventRounds "9"]
[EventCountry "GER"]
[SourceTitle "CBM 188 Extra"]
[Source "ChessBase"]
[SourceDate "2019.02.26"]
[SourceVersion "1"]
[SourceVersionDate "2019.02.26"]
[SourceQuality "1"]

1. c4 e5 2. g3 Nf6 3. Bg2 Bc5 4. e3 d6 5. Ne2 Nc6 6. d3 Bg4 7. Nbc3 0-0 8. a3 a5 9. h3 Be6 10. Nd5 Ba7 11. 0-0 Rb8 12. Nec3 Bc5 13. Qa4 Bd7 14. Qc2 Bf5 15. Rb1 Qd7 16. Nxf6+ gxf6 17. Nd5 Qd8 18. b4 axb4 19. axb4 Ba7 20. Bd2 Kg7 21. Ra1 Ra8 22. Ra3 Bb6 23. Rxa8 Qxa8 24. Nxb6 cxb6 25. Bc3 Qc8 26. Kh2 b5 27. Qd2 bxc4 28. dxc4 Rd8 29. Rd1 Be6 30. Bxc6 bxc6 31. c5 d5 32. h4 Qb7 33. f4 Qc7 34. Qb2 d4 35. exd4 exf4 36. d5 fxg3+ 37. Kg1 Rxd5 38. Bxf6+ Kf8 39. Rxd5 Bxd5 1/2-1/2

[Event "MVP-ch Seniors op 18th"]
[Site "Ostseebad Binz"]
[Date "2018.12.02"]
[Round "5"]
[White "Mietz, Wolfgang"]
[Black "Narr, Irmgard"]
[Result "1-0"]
[WhiteElo "1841"]
[BlackElo "1658"]
[PlyCount "144"]
[EventDate "2018.11.28"]
[EventType "swiss"]
[EventRounds "9"]
[EventCountry "GER"]
[SourceTitle "CBM 188 Extra"]
[Source "ChessBase"]
[SourceDate "2019.02.26"]
[SourceVersion "1"]
[SourceVersionDate "2019.02.26"]
[SourceQuality "1"]

1. d4 Nf6 2. c4 b6 3. Nc3 Bb7 4. Qc2 e6 5. e4 d6 6. Nf3 Be7 7. Bd3 Nc6 8. a3 a6 9. Bf4 0-0 10. h3 h6 11. 0-0-0 Nh7 12. Rhe1 Ng5 13. Be3 Bf6 14. e5 Be7 15. Kb1 Na7 16. Nxg5 Bxg5 17. f4 Bh4 18. Rf1 f5 19. g4 Qd7 20. d5 exd5 21. Bxf5 Qe8 22. Nxd5 Bxd5 23. Rxd5 dxe5 24. Rxe5 Qd8 25. Rd1 Qb8 26. Be4 c6 27. Qb3 Bf6 28. Re6 Qc7 29. c5 Qf7 30. f5 bxc5 31. Rd7 Rab8 32. Rxf7 Rxb3 33. Rxf8+ Kxf8 34. Bxc5+ Kg8 35. Bxa7 Rxb2+ 36. Kc1 Rh2 37. Bxc6 Rxh3 38. Re3 Bg5 39. Kd2 Rh2+ 40. Ke1 Bxe3 41. Bxe3 Kf7 42. Bf2 Rh3 43. a4 g6 44. Bd5+ Kf6 45. Bd4+ Kg5 46. f6 Rd3 47. f7 Rxd4 48. f8Q Rxd5 49. Qb4 h5 50. Qe4 Ra5 51. gxh5 Kxh5 52. Kf2 Rf5+ 53. Kg3 Kh6 54. Qe3+ Kh5 55. Qe2+ Kh6 56. Qxa6 Rg5+ 57. Kf4 Rf5+ 58. Ke4 Kg5 59. Qd6 Kh6 60. Qd2+ Kg7 61. a5 Kf6 62. a6 Re5+ 63. Kd4 g5 64. Qe3 Rxe3 65. Kxe3 g4 66. a7 Ke5 67. a8Q Kf6 68. Kf4 Kg6 69. Kxg4 Kh6 70. Qc6+ Kg7 71. Kg5 Kh7 72. Qe6 Kh8 1-0

[Event "MVP-ch Seniors op 17th"]
[Site "Binz"]
[Date "2017.12.07"]
[Round "9.60"]
[White "Neldner, Frank"]
[Black "Mietz, Wolfgang"]
[Result "0-1"]
[WhiteElo "1549"]
[BlackElo "1833"]
[PlyCount "86"]
[EventDate "2017.11.29"]
[EventType "swiss"]
[EventRounds "9"]
[EventCountry "GER"]
[SourceTitle "EXT 2019"]
[Source "ChessBase"]
[SourceDate "2018.10.10"]
[SourceVersion "1"]
[SourceVersionDate "2018.10.10"]
[SourceQuality "1"]

1. e4 e5 2. Nf3 Nc6 3. d4 exd4 4. Bc4 Nf6 5. e5 d5 6. Bb5 Ne4 7. Nxd4 Bd7 8. 0-0 Bc5 9. Nf3 a6 10. Ba4 b5 11. Bb3 Be6 12. Nbd2 0-0 13. Nxe4 dxe4 14. Nd2 e3 15. Ne4 exf2+ 16. Nxf2 Nxe5 17. Qe1 Nc4 18. Kh1 Re8 19. Nd3 Bd4 20. c3 Bf6 21. Bc2 Bh4 22. Qe4 g6 23. Bh6 Bg5 24. Bxg5 Qxg5 25. Qe2 Rad8 26. b3 Ne3 27. Rf2 Bd5 28. Qd2 Bxg2+ 29. Rxg2 Qxg2+ 30. Qxg2 Nxg2 31. Nc5 Ne3 32. Rc1 Rd2 33. Bb1 a5 34. Kg1 Re5 35. Ne4 Rg2+ 36. Kh1 f5 37. Ng3 f4 38. Ne4 Kf7 39. Re1 Rb2 40. Kg1 Rh5 41. h3 Kg7 42. Nf2 Rg5+ 43. Ng4 h5 0-1

[Event "MVP-ch Seniors op 16th"]
[Site "Binz"]
[Date "2016.11.29"]
[Round "7.27"]
[White "Alder, Bodo"]
[Black "Mietz, Wolfgang"]
[Result "1-0"]
[WhiteElo "2028"]
[BlackElo "1869"]
[PlyCount "77"]
[EventDate "2016.11.23"]
[EventType "swiss"]
[EventRounds "9"]
[EventCountry "GER"]
[SourceTitle "EXT 2018"]
[Source "ChessBase"]
[SourceDate "2017.10.13"]
[SourceVersion "1"]
[SourceVersionDate "2017.10.13"]
[SourceQuality "1"]

1. Nf3 Nf6 2. c4 d6 3. g3 g6 4. Bg2 Bg7 5. Nc3 0-0 6. 0-0 Nbd7 7. d3 e5 8. e4 a5 9. h3 Nc5 10. Bg5 Ne6 11. Be3 Nd7 12. d4 exd4 13. Nxd4 Ne5 14. b3 Nxd4 15. Bxd4 Be6 16. f4 Nc6 17. Bxg7 Kxg7 18. f5 gxf5 19. exf5 Bd7 20. f6+ Kh8 21. Ne4 Rg8 22. Qh5 Rg6 23. Ng5 Qg8 24. h4 Re8 25. Rae1 Rxe1 26. Rxe1 Rxf6 27. Rf1 Rxf1+ 28. Kxf1 Qg6 29. Nxf7+ Kg7 30. Qxg6+ Kxg6 31. Ng5 Bf5 32. Bxc6 bxc6 33. Ke2 h6 34. Nf3 Bb1 35. a3 Ba2 36. Nd2 c5 37. g4 d5 38. Kd3 dxc4+ 39. bxc4 1-0

[Event "MVP-ch Seniors op 16th"]
[Site "Binz"]
[Date "2016.11.26"]
[Round "4.55"]
[White "Mietz, Wolfgang"]
[Black "Farel, Edgard"]
[Result "1/2-1/2"]
[WhiteElo "1869"]
[BlackElo "1628"]
[PlyCount "134"]
[EventDate "2016.11.23"]
[EventType "swiss"]
[EventRounds "9"]
[EventCountry "GER"]
[SourceTitle "EXT 2018"]
[Source "ChessBase"]
[SourceDate "2017.10.13"]
[SourceVersion "1"]
[SourceVersionDate "2017.10.13"]
[SourceQuality "1"]

1. d4 Nf6 2. c4 g6 3. Nc3 Bg7 4. e4 d6 5. Be2 0-0 6. Be3 Nbd7 7. f3 e5 8. d5 a5 9. b3 b6 10. Qd2 Nc5 11. Bg5 Bd7 12. h4 h5 13. Nh3 Qc8 14. Nf2 Re8 15. Nb5 Kf8 16. Rc1 Ng8 17. g4 f6 18. Be3 hxg4 19. fxg4 Kf7 20. h5 g5 21. Qc2 Nh6 22. Rg1 Bf8 23. Rg3 Be7 24. Kf1 Rf8 25. Kg2 Kg7 26. Qd1 Rf7 27. Bd2 Rf8 28. Re3 Rf7 29. Kg3 Rf8 30. Ra1 Qb7 31. Rc3 Rfd8 32. Rc2 Rdc8 33. Rb2 Rd8 34. a3 Na6 35. Rba2 c5 36. Qe1 Rdc8 37. Nd1 Bf8 38. Nb2 Be7 39. Na4 Nc7 40. Nbc3 Na6 41. Qf2 Nc7 42. Rb1 Na6 43. Bd1 Nc7 44. Be2 Na6 45. Nb5 Nc7 46. b4 axb4 47. axb4 Nxb5 48. cxb5 Bd8 49. Rba1 Rcb8 50. Qe3 Bc7 51. Qb3 Ra7 52. Ra3 Rba8 53. R1a2 Bd8 54. Qb1 Bc8 55. Qa1 Qb8 56. Qc1 Qb7 57. Qa1 Qc7 58. bxc5 dxc5 59. Be3 Be7 60. Nc3 Rxa3 61. Rxa3 Rxa3 62. Qxa3 Nf7 63. Qa1 Nd6 64. Qa8 Bb7 65. Qa7 Nc8 66. Qa1 Nd6 67. Qh1 Kh6 1/2-1/2

[Event "Mecklenburg VP LL2 Ost 1516"]
[Site "Mecklenburg VP"]
[Date "2016.04.10"]
[Round "8.6"]
[White "Mietz, Wolfgang"]
[Black "Schumann, Lutz"]
[Result "1/2-1/2"]
[WhiteElo "1616"]
[BlackElo "1661"]
[PlyCount "71"]
[EventDate "2015.09.20"]
[EventType "team-tourn"]
[EventRounds "9"]
[EventCountry "GER"]
[SourceTitle "EXT 2022"]
[Source "ChessBase"]
[SourceDate "2021.10.06"]
[SourceVersion "1"]
[SourceVersionDate "2021.10.06"]
[SourceQuality "1"]
[WhiteTeam "Neubrandenburg SG Eintracht III"]
[BlackTeam "Graal Mueritz"]
[WhiteTeamCountry "GER"]
[BlackTeamCountry "GER"]

1. d4 Nf6 2. c4 g6 3. Nc3 Bg7 4. e4 d6 5. Be2 0-0 6. Nf3 c6 7. 0-0 Na6 8. Bg5 h6 9. Bf4 Nc7 10. h3 Ne6 11. Be3 a6 12. a4 Bd7 13. Qd2 Kh7 14. Rfd1 Qc7 15. e5 Ne8 16. Ne4 f5 17. exf6 Nxf6 18. Nc3 c5 19. d5 Nd8 20. Nh4 Nf7 21. Qc2 Nh8 22. Bd3 Be8 23. Re1 Bf7 24. Re2 Rae8 25. Rae1 Nd7 26. Bf4 Ne5 27. Bxe5 Bxe5 28. g3 Qd7 29. Kg2 Kg7 30. Ne4 e6 31. Nxc5 dxc5 32. Rxe5 exd5 33. Rxe8 Rxe8 34. Rxe8 Qxe8 35. cxd5 Bxd5+ 36. f3 1/2-1/2

[Event "MVP-ch Seniors op 15th"]
[Site "Binz"]
[Date "2015.11.30"]
[Round "7.47"]
[White "Mietz, Wolfgang"]
[Black "Willin, Bernhard"]
[Result "1/2-1/2"]
[WhiteElo "1616"]
[BlackElo "1792"]
[PlyCount "137"]
[EventDate "2015.11.24"]
[EventType "swiss"]
[EventRounds "9"]
[EventCountry "GER"]
[SourceTitle "EXT 2017"]
[Source "ChessBase"]
[SourceDate "2016.10.25"]
[SourceVersion "1"]
[SourceVersionDate "2016.10.25"]
[SourceQuality "1"]

1. d4 g6 2. c4 Bg7 3. Nc3 d6 4. e4 Nc6 5. Be3 e5 6. d5 Nce7 7. Bd3 f5 8. f3 a6 9. Nge2 Nf6 10. b4 0-0 11. 0-0 f4 12. Bf2 g5 13. h3 h5 14. Nc1 g4 15. fxg4 hxg4 16. hxg4 Nxg4 17. Be2 Nxf2 18. Rxf2 Ng6 19. Bh5 Qg5 20. Bxg6 Qxg6 21. Qf1 Bg4 22. Nd3 Bf6 23. Ne1 Bh4 24. Rb2 Bg3 25. Nf3 Kg7 26. Nh2 Rh8 27. Nxg4 Qxg4 28. Ne2 Raf8 29. Qf3 Qg5 30. Rb3 Qh4 31. Kf1 Qg5 32. Ng1 Rh2 33. Rab1 Kf6 34. c5 Rg8 35. cxd6 cxd6 36. R3b2 Rc8 37. a4 Rh7 38. Nh3 Qg6 39. Nf2 Rhc7 40. Qg4 Qxg4 41. Nxg4+ Kg5 42. Nf2 Rc1+ 43. Rxc1 Rxc1+ 44. Ke2 Rc4 45. Kd3 Rd4+ 46. Ke2 Bxf2 47. Kxf2 Rxe4 48. g3 Rd4 49. gxf4+ Kxf4 50. b5 Ke4 51. bxa6 bxa6 52. Rb6 Rxd5 53. Rxa6 Rd2+ 54. Ke1 Ke3 55. Rb6 Rd4 56. Rb3+ Kf4 57. Ra3 Rc4 58. a5 Rc7 59. a6 Ra7 60. Ke2 d5 61. Kd3 Kf5 62. Ra1 Ke6 63. Rh1 Kd6 64. Rh6+ Kc5 65. Re6 e4+ 66. Ke3 Rd7 67. Rh6 Rf7 68. Rh3 Kb5 69. Kd4 1/2-1/2

[Event "MVP-ch Seniors op 15th"]
[Site "Binz"]
[Date "2015.11.26"]
[Round "3.47"]
[White "Pawlick, Helmut"]
[Black "Mietz, Wolfgang"]
[Result "1-0"]
[WhiteElo "1798"]
[BlackElo "1616"]
[PlyCount "76"]
[EventDate "2015.11.24"]
[EventType "swiss"]
[EventRounds "9"]
[EventCountry "GER"]
[SourceTitle "EXT 2017"]
[Source "ChessBase"]
[SourceDate "2016.10.25"]
[SourceVersion "1"]
[SourceVersionDate "2016.10.25"]
[SourceQuality "1"]

1. e4 e5 2. Nf3 Nc6 3. Bc4 Nf6 4. Ng5 d5 5. exd5 Na5 6. Bb5+ c6 7. dxc6 bxc6 8. Be2 h6 9. Nh3 Bc5 10. d3 Qb6 11. 0-0 Nb7 12. Nc3 Qc7 13. Kh1 Bf5 14. Be3 Bd6 15. Ng1 0-0 16. Bf3 Rfd8 17. Qe2 Re8 18. Ne4 Be7 19. Nxf6+ Bxf6 20. Be4 Nd6 21. Qf3 Bd7 22. Bxh6 Nxe4 23. dxe4 Qc8 24. Bd2 Rb8 25. Bc3 c5 26. Qe3 Bd8 27. Nf3 f6 28. Rad1 Bb5 29. Rfe1 Bb6 30. Bxe5 fxe5 31. Qb3+ Qe6 32. Qxb5 Qxa2 33. Ng5 Ba5 34. Qa6 Rxb2 35. Ra1 Bxe1 36. Rxa2 Rb1 37. Ra1 Reb8 38. Qe6+ Kh8 1-0

[Event "MVP-ch Seniors op 14th"]
[Site "Binz"]
[Date "2014.11.30"]
[Round "6"]
[White "Mietz, Wolfgang"]
[Black "Menkhaus, Wolf Dieter"]
[Result "0-1"]
[WhiteElo "1585"]
[BlackElo "1840"]
[PlyCount "84"]
[EventDate "2014.11.25"]
[EventType "swiss"]
[EventRounds "9"]
[EventCountry "GER"]
[SourceTitle "EXT 2016"]
[Source "ChessBase"]
[SourceDate "2015.10.08"]
[SourceVersion "1"]
[SourceVersionDate "2015.10.08"]
[SourceQuality "1"]

1. d4 Nf6 2. c4 c5 3. d5 e5 4. dxe6 fxe6 5. Nc3 d6 6. e4 Nc6 7. f4 Be7 8. Nf3 0-0 9. Be2 b6 10. 0-0 a6 11. Kh1 Qc7 12. h3 Nh5 13. Kg1 Nxf4 14. Be3 Bb7 15. Qd2 Nxe2+ 16. Qxe2 Bf6 17. Qd3 Ne5 18. Qe2 Bc6 19. a4 Qb7 20. Bd2 Rfe8 21. Rfd1 Rad8 22. Be1 Nxf3+ 23. gxf3 d5 24. e5 Bg5 25. cxd5 exd5 26. Bg3 d4 27. Ne4 Bxe4 28. fxe4 Be3+ 29. Kh2 Ra8 30. Qd3 Re6 31. Rf1 Rf8 32. Qc4 Qc8 33. Rf5 Rfe8 34. Raf1 h6 35. R1f3 Kh7 36. Rf7 R6e7 37. Rxe7 Rxe7 38. b4 Qe6 39. Qd5 c4 40. Bf4 Bxf4+ 41. Rxf4 Qxe5 42. Qxe5 Rxe5 0-1

[Event "MVP-ch Seniors op 13th"]
[Site "Binz"]
[Date "2013.11.28"]
[Round "2"]
[White "Mietz, Wolfgang"]
[Black "Kirmas, Joachim"]
[Result "1/2-1/2"]
[WhiteElo "1580"]
[BlackElo "1864"]
[PlyCount "45"]
[EventDate "2013.11.27"]
[EventType "swiss"]
[EventRounds "9"]
[EventCountry "GER"]
[SourceTitle "EXT 2015"]
[Source "ChessBase"]
[SourceDate "2014.11.20"]
[SourceVersion "1"]
[SourceVersionDate "2014.11.20"]
[SourceQuality "1"]

1. d4 d5 2. c4 c6 3. Nc3 Nf6 4. cxd5 cxd5 5. Nf3 e6 6. Bg5 h6 7. Bf4 Bd6 8. Bxd6 Qxd6 9. Rc1 0-0 10. e3 a6 11. Bd3 Nbd7 12. 0-0 e5 13. dxe5 Nxe5 14. Nxe5 Qxe5 15. h3 b5 16. Qd2 Bb7 17. Ne2 Ne8 18. b3 Nc7 19. Qc3 Qxc3 20. Rxc3 Ne6 21. Rfc1 b4 22. R3c2 a5 23. Bb5 1/2-1/2